000 00585nam a2200205Ia 4500
003 OSt
005 20250801120302.0
008 210423s9999 xx 000 0 und d
040 _cAL
041 _akan
082 _a323K
_223
_bDEVY
100 _aDEVARAJ (John)
_9113289
245 _aYeli yeddeli nimma hakkugaligagi horadi-kannada
260 _bPeace Child International
_c2021
365 _cINR
650 _aCivil & Political Rights
_9113290
650 _aPolitical Science
_9113291
906 _ahakkugaligagi ; horadi-kannada ; nimma ; yeddeli ; Yeli
942 _2ddc
_cBK
999 _c173070
_d173070